| 000 | 00600nam a2200205Ia 4500 | ||
|---|---|---|---|
| 008 | 140306s9999 xx 000 0 und d | ||
| 020 | _a0275989895 | ||
| 041 | _aeng | ||
| 082 |
_a338.04 _bMAR/EN |
||
| 100 | _aHabbershon, Timothy G | ||
| 245 | _aEntrepreneurship: The Engine of Growth | ||
| 260 |
_aLondon _bPraeger _c2007 |
||
| 300 | _a332 | ||
| 365 | _bRs.850/- | ||
| 650 | _aEntrepreneurship as organizing | ||
| 650 | _aFinancing the high growth Entreprenurial Venture | ||
| 650 | _aPublic policy and enhancing Entrepreneurial Capitalism | ||
| 700 | _aRice, Mark P | ||
| 942 |
_2ddc _cBK |
||
| 999 |
_c187276 _d187276 |
||